=LDR 00000nam 2200000 4500 =001 INLIS000000000006837 =005 20130612094929 =008 ***********************************Ind** =035 ##$$0010-061300000006837 =041 ##$$a Ind =082 ##$$a 539.7 =090 ##$$a 539.7, Wih f =100 ##$$a Wihono, Bambang Subali =245 ##$$a Fisika atom, Drs. Bambang Subali Wihono =260 ##$$a 1986 $b Jakarta =300 ##$$a 30 hlm., 21 cm =650 ##$$a Fisika =850 ##$$a NBPNMAT